The Seven Deadly Sins Characters in Alphabetical Order - Statistics

General Stats
  • This quiz has been taken 365 times
  • The average score is 25 of 63
Answer Stats
Hint Answer % Correct
Sin Meliodas
96%
Sin Ban
95%
Sin King
94%
Sin Diane
92%
Sin Merlin
90%
Sin Gowther
86%
Goddess Elizabeth
85%
Sin Escanor
84%
Animal Hawk
80%
Holy Knight Gilthunder
78%
Human Zeal
78%
Commandment Zeldris
72%
Fairy Elaine
69%
Holy Knight Howzer
68%
Commandment Estarossa
65%
Commandment Drole
59%
Commandment Gloxinia
59%
Commandment Galand
55%
Holy Knight Jericho
54%
Holy Knight Hendrickson
53%
Commandment Derieri
52%
Commandment Melascula
51%
Commandment Fraudrin
48%
Holy Knight Guila
46%
Commandment Monspeet
46%
Holy Knight Griamore
45%
Human Arthur
44%
Holy Knight Dreyfus
44%
Human Margaret
43%
Commandment Grayroad
42%
Giant Matrona
42%
Human Veronica
41%
Human Bartra
35%
Fairy Helbram
33%
Holy Knight Zaratras
30%
Animal Hawk Mama
24%
Goddess Liz
24%
Animal Oslo
23%
Holy Knight Denzel
18%
Holy Knight Slader
18%
Holy Knight Twigo
18%
Holy Knight Vivian
16%
Fairy Gerheade
15%
Holy Knight Gustaf
14%
Human Cain
13%
Holy Knight Deathpierce
12%
Holy Knight Dogedo
12%
Holy Knight Deldry
11%
Holy Knight Golgius
11%
Goddess Jenna
11%
Goddess Zaneri
11%
Holy Knight Arden
10%
Holy Knight Alioni
9%
Holy Knight Dale
9%
Giant Dolores
9%
Animal Zhivago
8%
Human Taizoo
7%
Holy Knight Waillo
7%
Human Mead
6%
Druid Theo
6%
Animal Wandle
4%
Human Dana
3%
Holy Knight Aldrich
2%
No matching quizzes found
Score Distribution
Percent of People with Each Score
Percentile by Number Answered
Your Score History
You have not taken this quiz